25 ciudades más pobladas de la Comunidad Valenciana - Estadísticas

Estadísticas generales
  • Esta prueba ha sido intentada 645 veces
  • La puntuación promedio es 15 de 25
Estadísticas de respuestas
Ciudad % Correcto
1 Valencia
100%
2 Alicante
97%
4 Castellón
96%
3 Elche
92%
9 Benidorm
82%
8 Gandia
75%
6 Torrente
74%
19 Denia
69%
7 Orihuela
67%
11 Sagunto
67%
5 Torrevieja
66%
15 Villarreal
66%
12 Alcoy
61%
10 Paterna
54%
16 Alzira
47%
14 Elda
47%
20 Burriana
44%
21 Onteniente
41%
13 San Vicente del Raspeig
40%
18 Burjassot
38%
17 Mislata
36%
23 Villena
34%
24 Villajoyosa
33%
22 Petrel
27%
25 Vall de Uxó
18%
No se encontraron pruebas coincidentes
Distribución de puntuación
Porcentaje de gente con cada puntuación
Porcentaje por número respondido
Historial de tus puntuaciones
No has intentado esta prueba.